000 00722nam a2200229Ia 4500
001 21693
003 DO-CoUTE
005 20260204212605.0
008 220104s9999 dr 000 0 spa d
020 _a978-9945-13-117-8
040 _aDO-CoUTE
_bspa
_cDO-CoUTE
041 0 _aspa
082 _aRD 331.885 A237o
100 1 _aSantos, Francisco Antonio
245 1 0 _aOrganizar, rescata y unir el movimiento sindical dominicano / Francisco Antonio Santos
260 _aSanto Domingo,República Dominicana : Editora media byte s.a
300 _a171 páginas
650 4 _aMovimiento sindical - República Dominicana
942 _2ddc
_cBK
999 _c20913
_d20913